Footballeurs par image - Paris Saint Germain - Statistiques

Statistiques générales
  • Ce quiz a été pris 676 fois
  • Le résultat moyen est 13 sur 16
Statistiques - réponses
Par images Réponse % Correct
Kylian Mbappé
100%
Neymar
100%
Achraf Hakimi
97%
Angel Di Maria
96%
Edinson Cavani
95%
Zlatan Ibrahimović
95%
Marco Verratti
94%
Ronaldinho
94%
Thiago Silva
94%
Marquinhos
93%
David Luiz
82%
Pauleta
59%
Claude Makélélé
57%
George Weah
52%
Raí
44%
Jean-Marc Pilorget
3%
Aucun quiz correspondant
Distribution des résultats
% des personnes avec chaque résultat
Percentile par nombre de réponses
Votre historique - résultats
Vous n’avez pas pris ce quiz